Quizzes
Events
Quiz Creation
Community
Videos
Private Events
Remove Ads
Sign In
Join for FREE
Feedback
Dark Mode
Quiz Categories
Sports
Geography
Music
Movies
Television
Just For Fun
Miscellaneous
History
Literature
Language
Science
Gaming
Entertainment
Religion
Holiday
For Kids
Quiz Lab
Recent
Popular Today
Quiz Kudos Today
Editor Picks
Curator Picks
Quizzes by...
Day
Popularity
Type
Ratings
Length
Year
Community
Subscriptions
Recent Discussions
Orange Saloon
Badges
Playlists
Quests
Create
Leaderboards
Showdown
Live 5
Trivia Bingo
Activity
Puzzle Library
Sporcle Events
Private Events
Virtual Trivia
Globe League
Become a Host
Pub Owners
SporcleCon
Opinionation
Our Games
Videos
Blog
Mobile Apps
Partnerships
Remove Ads and Go Orange
Feedback
Music
Pop Music
The Beatles
Song
Album
Lyrics
Bands
Singers
Artist
Clip
Rock
Rap
Classical
Billboard
Country Music
Kpop
Taylor Swift
Music
Pop Music
The Beatles
Song
Album
Lyrics
Bands
Singers
Artist
Clip
Rock
Rap
Classical
Billboard
Country Music
Kpop
Taylor Swift
Random Quiz
Search Sporcle
×
Quiz Lab
Quiz Lab
Music
Famous
Type in answers that appear in a list
Type in answers that appear in a list
Classic
Best Score? Go Orange.
Famous Guitarists Stats
Can you name the Famous Guitarists?
By
duncanbishop1
4m
23 Questions
282 Plays
282 Plays
282 Plays
Comments
Comments
Give Quiz Kudos
Give Quiz Kudos
-
- Ratings
hide this ad
More Info
Replay
Link that replays current quiz
Next Quiz
Link to next quiz in quiz playlist
You Got
0%
They Got
Avg Score
61%
Avg Friend Score
Upgrade to see
Score Distribution
Jump to the score distribution portion of the page
Score
0/23
Timer
04:00
0
Plays Today
Band or Song
Main Gutarist
% Correct
Guns N' Roses, Velvet Revolver
Slash
91.1%
Purple Haze (Song)
Jimi Hendrix
89%
Van Halen
Eddie Van Halen
87.2%
Led Zeppelin
Jimmy Page
85.8%
Cream, The Yardbirds
Eric Clapton
83%
Rolling Stones
Keith Richards
79.8%
AC/
DC
Angus Young
79.8%
The White Stripes
Jack White
77.3%
Tenacious D
Jack Black
77.3%
Black Magic Woman (Song)
Santana
75.9%
The Who
Pete Townshend
68.8%
Greenday
Billie Joe Armstrong
63.1%
Band or Song
Main Gutarist
% Correct
Aerosmith
Joe Perry
57.1%
Ozzy Osbourne
Zakk Wylde
55.3%
Metallica
Kirk Hammet
55.3%
The Yardbirds
Jeff Beck
50%
Red Hot Chili Peppers
John Frusciante
48.6%
Pantera, Damageplan, Rebel Meets Rebel
'Dimebag'
46.8%
Creedence Clearwater Revival
John Fogerty
45%
James Gang, The Eagles
Joe Walsh
40.4%
(Origanal) Lynyrd Skynyrd
Gary Rossington
22%
Mötley Crüe
Nikki Sixx
20.9%
Def Leppard
Phil Collen
12.4%
Quiz Playlist
Details
Report
Send in Message
Add To Playlist
More Info:
Some guitarists from the past and present, see how well you can name them
Classic:
Type in answers that appear in a list
Quiz Source
Last Updated: Feb 16, 2017
Quiz Scoreboard
CHALLENGE
Sign Up to Join the Scoreboard
Show All
Scores
Hide
Comments
May contain spoilers
Recently Published
TV Characters by Other Roles V
by ghcgh
Television
5m
Decade Duel: World Leaders
by jenniferyan
History
4m
Alphabetical 'K' Countries by Flag Minefield
by ylime102
Geography
3m
More to Explore
Quiz From the Vault
Featured Blog Post
15 Basketball Trivia Facts You Can Be March Mad About
hide this ad
You Might Also Like...
Tags
Bands Quiz
Famous Quiz
Song Quiz
guitarist
Today's Top Quizzes in Music
Browse Music
hide this ad
Today's Top Quizzes in Famous
Browse Famous
Top Contributed Quizzes in Music
1
Taylor Swift All Songs (2024)
2
KPOP LOGIC QUIZ
3
Taylor Swift Logic Puzzle
4
Decade Duel: Singer
5
Guess the Taylor Swift song (Mystery Song)
6
A Taylor Swift Logic Puzzle
7
Guess The Taylor Swift Lyrics Song #1
8
kpop group name match up
9
2 word kpop group match
10
K-Pop : 100 Debut Songs (Part 1 of 3)
Explore More
Trending Topics
NBA
Crossword
Disney
Anime
Kpop
Harry Potter
Marvel
WWE
Song
Country
Soccer
Puzzle
Pokémon
The Office
NFL
hide this ad
More By:
duncanbishop1
Quiz
Plays
Rating
Category
Featured
Created
Famous Guitarists
282
Music
Dec 15, 2009
Jessica's Relatives
6
3.00
Miscellaneous
Dec 24, 2009
Go to Creator's Profile
Score Distribution
Quiz Creator Spotlight
duncanbishop1
Follow
Send a Message
Quizzes Created
-
Created Quiz Play Count
-
More By This Creator
Popular Quizzes Today
1
Countries of Asia Without Outlines Minefield
2
Find the US States - No Outlines Minefield
3
Pick 6: Fruits
4
The Countries of the World
5
Alphabetical 'K' Countries by Flag Minefield
6
Find the Countries of Europe - No Outlines Minefield
7
US States
8
Find the US States
More Music Quizzes
300 Kpop Female Idols ♥
Quiz Lab
Trending Quizzes
Pick 6: Mountains
Pick 6: Harry Potter
Pick 6: Flags
Pick 6: NFL Teams
Pick 6: Movie Franchises
Recently Updated
Adaptations: Name the Title
pecheneg
NWSL Teams
pecheneg
Women's Final Four Teams by Year
bhenderson79
Presidents Quartet II
eogle
Anything But Clue(do)
eogle
Anything But Oceanian Capitals
eogle
Anything But 7
eogle
Anything But Thing
eogle
Word Ladder: February 29
pecheneg
Song Title Questions
pecheneg
Trending Topics
Harry Potter
Disney
NBA
Marvel
Crossword
Kpop
Anime
NFL
The Office
Country
Song
Soccer
WWE
Puzzle
Pokémon
Your Account Isn't Verified!
In order to create a playlist on Sporcle, you need to verify the email address you used during registration. Go to your
Sporcle Settings
to finish the process.
Report this User
Report this user for behavior that violates our
Community Guidelines
.
Details:
Send Report
Go to the Sporcle.com Mobile Site →
Comments